| 000 | 00411pab a2200169 454500 | ||
|---|---|---|---|
| 008 | 180718b2008 xxu||||| |||| 00| 0 eng d | ||
| 100 | _aJensen, Robert T. | ||
| 245 | _aGiven behavior and subsistence consumption | ||
| 260 | _c2008 | ||
| 300 | _ap.1553-577. | ||
| 362 | _aSep | ||
| 650 | _aConsumption | ||
| 700 | _aMiller, Nolan H. | ||
| 773 | _aAmerican Economic Review | ||
| 908 | _aN | ||
| 909 | _a80227 | ||
| 999 |
_c80227 _d80227 |
||